[Event "World Youth Open U14 2016"]
[Site "Khanty-Mansiysk RUS"]
[Date "2016.10.03"]
[Round "11.22"]
[White "Tarun, V Kanth"]
[Black "Haring, Filip"]
[Result "1-0"]
[WhiteElo "1954"]
[BlackElo "2099"]
[WhiteFideId "25012185"]
[BlackFideId "14933080"]
[EventDate "2016.09.22"]

1. d4 Nf6 2. c4 e6 3. Nc3 Bb4 4. f3 c5 5. d5 b5 6. e4 O-O 7. Bg5 h6 8. Bh4 d6 9.
Bd3 exd5 10. cxd5 Nbd7 11. Ne2 Ne5 12. O-O c4 13. Bc2 Bc5+ 14. Kh1 Ng6 15. Bxf6
Qxf6 16. f4 Qh4 17. Qe1 Qg4 18. h3 Qd7 19. e5 dxe5 20. f5 Nf4 21. Nxf4 exf4 22.
f6 Re8 23. Qh4 Bf8 24. fxg7 Bxg7 25. Rxf4 Qe7 26. Qh5 Bd7 27. d6 Qe6 28. Be4 Rf8
29. Nd5 f5 30. Ne7+ Kh8 31. Bxa8 Rxa8 32. Nxf5 Qe5 33. Raf1 Bxf5 34. Rxf5 Qxd6
35. Rxb5 Qd3 36. Qf3 Rd8 37. Rb7 Qxf3 38. Rxf3 Rd1+ 39. Kh2 Be5+ 40. g3 Rd2+ 41.
Kh1 Kg8 42. Re3 Rd5 43. Rxa7 Kf8 44. Re2 Bxg3 45. Ra4 Rc5 46. Rc2 Be5 47. Raxc4
Rxc4 48. Rxc4 Bxb2 49. Re4 Ba3 50. Kg2 Kf7 51. Kf3 Kf6 52. Kg4 Kg6 53. Re6+ Kg7
54. Kf5 h5 55. Ra6 Bc5 56. a4 h4 57. Rc6 Bf2 58. a5 Kf7 59. a6 1-0

[Event "World Youth Open U14 2016"]
[Site "Khanty-Mansiysk RUS"]
[Date "2016.10.03"]
[Round "11.23"]
[White "Gunduz, Umut Erdem"]
[Black "Mochalin, Faddey"]
[Result "1-0"]
[WhiteElo "2109"]
[BlackElo "1912"]
[WhiteFideId "6381383"]
[BlackFideId "34147290"]
[EventDate "2016.09.22"]

1. e4 c5 2. Nf3 d6 3. d4 cxd4 4. Nxd4 Nf6 5. f3 e5 6. Bb5+ Nbd7 7. Nf5 a6 8.
Bxd7+ Qxd7 9. Bg5 d5 10. Bxf6 gxf6 11. Ne3 d4 12. Nd5 Qc6 13. c3 Bc5 14. Qc1 Be6
15. Nxf6+ Ke7 16. Qg5 Kd6 17. Nd2 Qb5 18. f4 Bb6 19. a4 Qc5 20. b4 Qc6 21. Qxe5+
Ke7 22. Nd5+ Kd7 23. Nxb6+ Qxb6 24. f5 dxc3 25. fxe6+ fxe6 26. Qxc3 Rac8 27.
Qg7+ Kd6 28. Nc4+ Rxc4 29. Rd1+ Kc6 30. Qd7# 1-0

[Event "World Youth Open U14 2016"]
[Site "Khanty-Mansiysk RUS"]
[Date "2016.10.03"]
[Round "11.24"]
[White "Dolgikh, Evgeniy"]
[Black "Ganerdene, Sugar"]
[Result "0-1"]
[WhiteElo "1904"]
[BlackElo "2056"]
[WhiteFideId "34125873"]
[BlackFideId "4902980"]
[EventDate "2016.09.22"]

1. d4 Nf6 2. Nf3 g6 3. c4 Bg7 4. Nc3 O-O 5. e4 d6 6. Be2 e5 7. O-O Na6 8. Re1 c6
9. Bf1 exd4 10. Nxd4 Ng4 11. h3 Qb6 12. hxg4 Qxd4 13. Be3 Qe5 14. Be2 Nc5 15.
Bf3 Qe7 16. Bd4 Be5 17. g3 Qf6 18. Bxe5 dxe5 19. Qe2 Ne6 20. Rad1 Nd4 21. Rxd4
exd4 22. e5 Qg7 23. Na4 Rb8 24. Nc5 Be6 25. b3 Rfe8 26. g5 Bf5 27. g4 d3 28. Qd2
Rxe5 29. gxf5 Rxc5 30. f6 Qf8 31. Re7 h6 32. gxh6 Rf5 33. h7+ Kxh7 34. Qe3 Rxf6
35. Re4 Kg8 36. Qxd3 Re8 37. Rh4 Qd6 38. Qc3 Qe5 0-1

[Event "World Youth Open U14 2016"]
[Site "Khanty-Mansiysk RUS"]
[Date "2016.10.03"]
[Round "11.25"]
[White "Nielsen, Andre"]
[Black "Slater-Jones, Henry"]
[Result "1-0"]
[BlackTitle "CM"]
[WhiteElo "2025"]
[BlackElo "1825"]
[WhiteFideId "1518240"]
[BlackFideId "3222101"]
[EventDate "2016.09.22"]

1. e4 d5 2. exd5 Qxd5 3. Nc3 Qd8 4. d4 g6 5. Nf3 Bg7 6. Bc4 Nf6 7. O-O O-O 8. h3
Nbd7 9. Re1 c6 10. Ne5 Nb6 11. Bb3 Nbd5 12. Nxd5 Nxd5 13. Qf3 Be6 14. c3 Nc7 15.
Bxe6 Nxe6 16. Qe4 Nc7 17. Bf4 e6 18. Nc4 Qd7 19. Be5 Rfd8 20. a4 Ne8 21. Bxg7
Kxg7 22. Ne5 Qe7 23. a5 Nf6 24. Qf3 a6 25. Ra3 Rac8 26. Rb3 Qc7 27. Ra1 Rd5 28.
Nd3 Rb5 29. Rxb5 cxb5 30. Nc5 Rb8 31. b4 Nd5 32. Re1 Rc8 33. Rxe6 Rd8 34. Re5
Qc6 35. h4 Rd6 36. h5 f6 37. Re1 b6 38. axb6 Qxb6 39. hxg6 hxg6 40. Ra1 Qa7 41.
Rxa6 Rxa6 42. Nxa6 Qxa6 43. Qxd5 Qa1+ 44. Kh2 Qxc3 45. Qc5 Qc4 46. Kg1 Qd3 47.
Qe7+ Kg8 48. Qxf6 Qb1+ 49. Kh2 Qxb4 50. Qxg6+ Kf8 51. Qf6+ Ke8 52. d5 Kd7 53.
Qe6+ Kc7 54. Qc6+ Kb8 55. d6 Qc4 56. Qe8+ Kb7 57. Qd7+ Kb8 58. g3 Qf1 59. Qc7+
Ka8 60. Qc6+ Ka7 61. Qc5+ Ka6 62. d7 1-0

[Event "World Youth Open U14 2016"]
[Site "Khanty-Mansiysk RUS"]
[Date "2016.10.03"]
[Round "11.26"]
[White "Piyumantha, M Sasith Nipun"]
[Black "Piccoli, Lucas Fonseca"]
[Result "1-0"]
[WhiteTitle "FM"]
[WhiteElo "2017"]
[BlackElo "1816"]
[WhiteFideId "9916148"]
[BlackFideId "2190788"]
[EventDate "2016.09.22"]

1. d4 Nf6 2. c4 e6 3. g3 Bb4+ 4. Bd2 Qe7 5. Nf3 Nc6 6. Nc3 Bxc3 7. Bxc3 Ne4 8.
Rc1 d5 9. Bg2 O-O 10. O-O Nxc3 11. Rxc3 Rd8 12. Qc2 Nb4 13. Qb3 a5 14. a3 Na6
15. Qc2 c6 16. c5 Bd7 17. e4 dxe4 18. Qxe4 Nc7 19. a4 Nd5 20. Rb3 Be8 21. Nd2
Rdb8 22. Nc4 Qc7 23. Nd6 Ra6 24. Rc1 Nf6 25. Qe5 Qe7 26. h4 Raa8 27. Bf3 Nd5 28.
h5 h6 29. Re1 Kf8 30. Bxd5 cxd5 31. Rf3 Qg5 32. Qxe6 Qxh5 33. Rf5 1-0

[Event "World Youth Open U14 2016"]
[Site "Khanty-Mansiysk RUS"]
[Date "2016.10.03"]
[Round "11.27"]
[White "Fomin, Maxim"]
[Black "Varbanov, Vladimir"]
[Result "0-1"]
[WhiteElo "1941"]
[BlackElo "1794"]
[WhiteFideId "14137771"]
[BlackFideId "2917505"]
[EventDate "2016.09.22"]

1. d4 e6 2. c4 f5 3. g3 Nf6 4. Bg2 d5 5. Nc3 c6 6. cxd5 exd5 7. Bg5 Be7 8. Bxf6
Bxf6 9. e3 O-O 10. Nge2 Re8 11. h4 Nd7 12. O-O Nb6 13. Nf4 Be6 14. Bh3 g6 15.
Nxe6 Rxe6 16. Ne2 Nc4 17. Nf4 Re8 18. Qc2 Nd6 19. Kh2 Bg7 20. Ng2 Qd7 21. Rae1
Rad8 22. f3 Qc7 23. h5 Kf7 24. e4 Bxd4 25. exf5 g5 26. Qd2 Bf6 27. Ne3 Nc4 28.
Nxc4 dxc4 29. Qc2 b5 30. Re6 Rd6 31. Rfe1 Red8 32. R1e2 Qd7 33. Qe4 Rd2 0-1

[Event "World Youth Open U14 2016"]
[Site "Khanty-Mansiysk RUS"]
[Date "2016.10.03"]
[Round "11.28"]
[White "Ismagilov, Damir"]
[Black "Ogorodnikov, Nikolai"]
[Result "0-1"]
[WhiteElo "1927"]
[BlackElo "1774"]
[WhiteFideId "34199982"]
[BlackFideId "34164984"]
[EventDate "2016.09.22"]

1. c4 e6 2. Nf3 d5 3. g3 Nf6 4. Bg2 c6 5. O-O Be7 6. d4 O-O 7. Nc3 b6 8. Qd3 Bb7
9. Bf4 dxc4 10. Qxc4 Nd5 11. Nxd5 cxd5 12. Qd3 Nc6 13. Rac1 Qd7 14. a3 Rac8 15.
Rc2 a6 16. Rfc1 b5 17. b4 Bf6 18. Rc5 Be7 19. R5c2 Bf6 20. Rc3 Rfe8 21. Bh3 h6
22. Bg2 Kh8 23. Qd2 Kh7 24. h4 Qd8 25. Bh3 Qb6 26. Be3 a5 27. Rc5 axb4 28. Qd3+
Kg8 29. Rxb5 Qa7 30. Qb3 Ba6 31. Rbc5 Bc4 32. Qb1 bxa3 33. R1xc4 dxc4 34. Rxc4
a2 35. Qa1 Rb8 36. Rc1 Red8 37. Kh2 Nxd4 38. Nxd4 Bxd4 39. Bxd4 Rxd4 40. Rc2 Ra4
41. Bxe6 Qxf2+ 42. Kh3 fxe6 43. h5 Qf5+ 44. Kg2 Qxc2 45. Qe5 Qe4+ 0-1

[Event "World Youth Open U14 2016"]
[Site "Khanty-Mansiysk RUS"]
[Date "2016.10.03"]
[Round "11.29"]
[White "Vaino, Nikita"]
[Black "Skalsky, Alexandr"]
[Result "1/2-1/2"]
[WhiteElo "1781"]
[BlackElo "2085"]
[WhiteFideId "4504674"]
[BlackFideId "381799"]
[EventDate "2016.09.22"]

1. d4 d5 2. Nf3 Nf6 3. Bf4 c5 4. e3 Nc6 5. c3 Qb6 6. Qc2 g6 7. Nbd2 Bg7 8. dxc5
Qxc5 9. Nb3 Qb6 10. Bd3 O-O 11. O-O Nh5 12. Bg3 f5 13. Nfd4 e5 14. Nxc6 bxc6 15.
c4 Be6 16. c5 Qc7 17. f4 Nxg3 18. hxg3 a5 19. Rab1 Rfb8 20. Rfd1 a4 21. Nc1 Ra5
22. b4 axb3 23. axb3 Qa7 24. b4 Ra4 25. Qd2 exf4 26. gxf4 Bc8 27. Ne2 Ba6 28.
Bxa6 Qxa6 29. Nd4 Bxd4 30. exd4 Ra2 31. Qd3 Qxd3 32. Rxd3 Ra4 33. Rdb3 Rb5 34.
Kf2 Kf7 35. Ke3 Kf6 36. Kd3 Ra2 37. R1b2 Ra1 38. Rb1 Ra2 39. R1b2 Ra7 40. Re2 h6
41. Re8 Ra6 1/2-1/2

[Event "World Youth Open U14 2016"]
[Site "Khanty-Mansiysk RUS"]
[Date "2016.10.03"]
[Round "11.30"]
[White "Osaka, Takuma"]
[Black "Kizatbay, Abyl"]
[Result "0-1"]
[WhiteElo "1888"]
[BlackElo "1892"]
[WhiteFideId "7002084"]
[BlackFideId "1521853"]
[EventDate "2016.09.22"]

1. d4 Nf6 2. c4 g6 3. Nc3 d5 4. Nf3 Bg7 5. Qb3 dxc4 6. Qxc4 O-O 7. e4 Nc6 8. Be2
e5 9. d5 Nd4 10. Nxd4 exd4 11. Qxd4 c6 12. Qc4 b5 13. Qb3 b4 14. Qxb4 cxd5 15.
Nxd5 Nxd5 16. exd5 a5 17. Qc5 Re8 18. Be3 Bf5 19. O-O Bxb2 20. Rad1 Rc8 21. Qb5
Be5 22. Bd3 Bg4 23. Be2 Bd7 24. Qb6 Qh4 25. g3 Qe4 26. f3 Qa4 27. Bd3 Rb8 28.
Qc5 Rec8 29. Qe7 Re8 30. Qc5 Bh3 31. Bc2 Qxa2 32. Rf2 Rbc8 33. Bf5 Qb3 34. Bc2
Qb8 35. Qa3 Rc3 36. Qc1 Bxg3 37. Re2 Bxh2+ 38. Rxh2 Qg3+ 39. Kh1 Rcxe3 40. Be4
R8xe4 41. fxe4 Qf3+ 42. Kg1 Rxe4 0-1

[Event "World Youth Open U14 2016"]
[Site "Khanty-Mansiysk RUS"]
[Date "2016.10.03"]
[Round "11.31"]
[White "Sabirov, Timur"]
[Black "Essa, Naseem Ahmed"]
[Result "0-1"]
[BlackTitle "FM"]
[WhiteElo "1791"]
[BlackElo "1771"]
[WhiteFideId "44107323"]
[BlackFideId "14316560"]
[EventDate "2016.09.22"]

1. c4 e5 2. Nc3 Nc6 3. e4 Bc5 4. g3 d6 5. Bg2 Nge7 6. Nge2 a5 7. O-O O-O 8. h3
f5 9. d3 fxe4 10. Nxe4 Ba7 11. N2c3 Nf5 12. g4 Nfd4 13. Nd5 Ne6 14. Kh2 g5 15.
h4 h6 16. h5 Ncd4 17. Qa4 c6 18. Ndc3 Nf4 19. Bxf4 gxf4 20. f3 d5 21. cxd5 cxd5
22. Nf2 Nxf3+ 23. Kh1 Bxf2 24. Bxf3 Qh4+ 25. Kg2 Qg3+ 26. Kh1 Qh3# 0-1

[Event "World Youth Open U14 2016"]
[Site "Khanty-Mansiysk RUS"]
[Date "2016.10.03"]
[Round "11.32"]
[White "Hafstad, Leif"]
[Black "Thybo, Thomas Sondergaard"]
[Result "1/2-1/2"]
[WhiteElo "1705"]
[BlackElo "1971"]
[WhiteFideId "438030"]
[BlackFideId "1441299"]
[EventDate "2016.09.22"]

1. e4 c6 2. d4 d5 3. Nc3 dxe4 4. Nxe4 Bf5 5. Ng3 Bg6 6. h4 h6 7. Nf3 Nd7 8. h5
Bh7 9. Bd3 Bxd3 10. Qxd3 e6 11. Bd2 Ngf6 12. O-O-O Be7 13. Ne4 Nxe4 14. Qxe4 Nf6
15. Qe2 Qd5 16. c4 Qe4 17. Qxe4 Nxe4 18. Be3 Rc8 19. Kb1 O-O 20. d5 exd5 21.
cxd5 cxd5 22. Rxd5 Nf6 23. Rd3 a6 24. Ne5 Rfd8 25. f3 Rxd3 26. Nxd3 Nd5 27. Bf2
f5 28. g4 fxg4 29. fxg4 Nf6 30. Bh4 Rc4 31. Ne5 Re4 32. Ng6 Kf7 33. Nxe7 Kxe7
34. g5 hxg5 35. Bxg5 Re5 36. Bxf6+ Kxf6 37. h6 gxh6 38. Rxh6+ Kf5 39. Rb6 Re7
40. a4 Ke4 41. Ka2 Kd3 42. Kb3 Rc7 43. a5 Kd2 44. Rd6+ Kc1 45. Rb6 Rc2 46. Ka3
Rc7 47. Kb3 Rc2 48. Ka3 Rc7 1/2-1/2

[Event "World Youth Open U14 2016"]
[Site "Khanty-Mansiysk RUS"]
[Date "2016.10.03"]
[Round "11.33"]
[White "Chursin, Aleksandr"]
[Black "Akulov, Lev"]
[Result "0-1"]
[WhiteElo "1675"]
[BlackElo "1810"]
[WhiteFideId "34106666"]
[BlackFideId "242853"]
[EventDate "2016.09.22"]

1. c4 Nf6 2. Nc3 d5 3. cxd5 Nxd5 4. e4 Nb6 5. d4 g6 6. h3 Bg7 7. Nf3 O-O 8. Be2
Be6 9. O-O Bc4 10. Bxc4 Nxc4 11. Qb3 Nb6 12. Be3 Nc6 13. d5 Ne5 14. Nxe5 Bxe5
15. f4 Bg7 16. e5 Qc8 17. Rac1 Qd7 18. Rfd1 Rfc8 19. Ne4 Qa4 20. Qxa4 Nxa4 21.
b3 Nb6 22. d6 cxd6 23. Rxc8+ Nxc8 24. exd6 Nxd6 25. Nxd6 exd6 26. Rxd6 b6 27.
Rd7 Bf6 28. Kf2 Kg7 29. b4 Bc3 30. a3 Kf6 31. b5 h5 32. Rc7 Bb2 33. a4 Ke6 34.
a5 bxa5 35. Bxa7 Rxa7 0-1

[Event "World Youth Open U14 2016"]
[Site "Khanty-Mansiysk RUS"]
[Date "2016.10.03"]
[Round "11.34"]
[White "Kakuk, Tibor"]
[Black "Ajigulov, Nurmat"]
[Result "1-0"]
[WhiteElo "1622"]
[BlackElo "1626"]
[WhiteFideId "14536749"]
[BlackFideId "13801970"]
[EventDate "2016.09.22"]

1. e4 e5 2. Nf3 Nc6 3. d4 exd4 4. Nxd4 Bc5 5. Nb3 Bb6 6. Nc3 d6 7. Qe2 Be6 8.
Be3 Bxe3 9. Qxe3 Nf6 10. O-O-O O-O 11. f4 Qe7 12. h3 Rfe8 13. Bd3 Rad8 14. Rhe1
a5 15. a3 Bxb3 16. cxb3 d5 17. Qf2 d4 18. Ne2 Qc5+ 19. Kb1 Nxe4 20. Qh4 Qe7 21.
Qh5 g6 22. Qf3 Nc5 23. Nc1 Qf6 24. Bc4 Qh4 25. Rxe8+ Rxe8 26. Qd5 Ne6 27. Nd3
Qf6 28. Qf3 Ng7 29. g4 Re3 30. Qg2 Qh4 31. Rh1 Qg3 32. Qd5 Re7 33. Ka2 Ne8 34.
f5 Nf6 35. Qc5 Re3 36. fxg6 hxg6 37. Rf1 Rf3 38. Rd1 Qg2 39. Re1 Rxh3 40. Nf4
Qf2 41. Rf1 Qxf1 42. Bxf1 Rf3 43. Qc1 Nxg4 44. Be2 Rg3 45. Bxg4 Rxg4 46. Nd5 Rg2
47. Qh6 Rf2 48. Nxc7 Re2 49. Qh3 Kg7 50. Nd5 Ne5 51. Qh4 Nd3 52. Qxd4+ 1-0

[Event "World Youth Open U14 2016"]
[Site "Khanty-Mansiysk RUS"]
[Date "2016.10.03"]
[Round "11.35"]
[White "Izumi, Haruki"]
[Black "Hsu, Hsuan-Ming"]
[Result "1-0"]
[WhiteElo "1549"]
[BlackElo "1727"]
[WhiteFideId "7001703"]
[BlackFideId "16300823"]
[EventDate "2016.09.22"]

1. e4 e5 2. Nf3 Nc6 3. Bb5 a6 4. Ba4 Nf6 5. d4 exd4 6. O-O Be7 7. Re1 b5 8. Bb3
d6 9. Bd5 Nxd5 10. exd5 Ne5 11. Nxd4 Bb7 12. Nf5 g5 13. Ng7+ Kf8 14. Nh5 h6 15.
f4 Ng6 16. Qd4 Rh7 17. Nc3 Qd7 18. fxg5 hxg5 19. Nf6 Bxf6 20. Qxf6 b4 21. Rf1
Ne5 22. Ne4 Bxd5 23. Nxg5 Rg7 24. g3 Rg6 25. Nh7+ Kg8 26. Qxg6+ fxg6 27. Nf6+
Kg7 28. Nxd7 Nxd7 29. Bd2 Rb8 30. Bf4 Be4 31. Rae1 d5 32. Bxc7 Rc8 33. Bd6 Rxc2
34. Rf2 Rxf2 35. Kxf2 a5 36. Ke3 Nb6 37. Kd4 Na4 38. Be5+ Kf7 39. Rf1+ Ke7 40.
Ke3 Bf5 41. Rxf5 gxf5 42. Bd4 1-0